[Event "Pfalz op 01st"]
[Site "Neustadt an der Weinstrasse"]
[Date "2008.02.18"]
[Round "4"]
[White "Tiviakov, Sergei"]
[Black "Dgebuadze, Alexandre"]
[Result "1-0"]
[WhiteElo "2649"]
[BlackElo "2512"]
[Annotator "Tiviakov,S"]
[PlyCount "73"]
[EventDate "2008.02.16"]
[EventType "swiss"]
[EventRounds "9"]
[EventCountry "GER"]
[SourceTitle "CBM 122 Extra"]
[Source "ChessBase"]
[SourceDate "2008.03.04"]
[SourceVersion "1"]
[SourceVersionDate "2008.03.04"]
[SourceQuality "1"]

1. e4 e6 2. d4 d5 3. Nd2 Nf6 4. e5 Nfd7 5. c3 c5 6. Bd3 Nc6 7. Ne2 Qb6 8. Nf3
cxd4 9. cxd4 f6 10. exf6 Nxf6 11. O-O Bd6 12. b3 O-O 13. Bb2 Bd7 14. Nc3 (14.
Ng3) 14... Nb4 $5 $146 15. Bb1 Be8 (15... Bb5 $6 16. Re1 Rae8 17. a3 Nc6 18.
Bc2 Kh8 19. Nxb5 Qxb5 20. Ng5 Ne4 $2 21. Nxe4 dxe4 22. Rxe4 Qf5 23. Qe2 Qf6 24.
Re1 Qh6 25. g3 e5 26. Rh4 Qf6 27. Bxh7 Nxd4 28. Bxd4 exd4 29. Be4+ {1-0
Tiviakov,S-Garcia Santos,E/Malaga 2003 (29)}) 16. Ne5 (16. Qe2 Kh8 {/\Bh5})
16... Bh5 17. Qd2 Rac8 (17... Nc6 $11) 18. h3 (18. Re1 $5) 18... a5 $6 {(׫)} (
18... Nc6 $142 $11) 19. Re1 (19. Qe3 $142 $5 $14) 19... Nc6 20. Nxc6 (20. Na4
$5 Qa7 (20... Qd8 21. Nc5 $14) 21. a3 $13) 20... Rxc6 21. Bd3 Bb4 $5 (21... Qc7
22. Nb5 (22. Bb5 $2 Bf4 $19) 22... Bh2+ 23. Kh1 (23. Kf1 Bf4 $15) 23... Bf4 24.
Qd1 Qf7 25. Qb1 $13) 22. a3 (22. Rac1 Rfc8 23. a3 Bf8 24. Nb5 Be8 $11) 22...
Bxc3 $6 (22... Bd6 $1 23. Na4 $5 (23. Nb5 $140 $2 Ne4 24. Bxe4 Bf4 $17) 23...
Qxb3 24. Nc5 Bxc5 25. dxc5 $44 Bg6 (25... Ne4 26. Bxe4 dxe4 27. Rxe4 Rxc5 28.
Qd4 Rc7 29. Rae1 $14 {|^}) 26. Bxg6 hxg6 27. Bd4 Ne4 28. Qxa5 Qc4 29. Rad1 Nxc5
$11) 23. Bxc3 Qxb3 (23... Ne4 24. Bxe4 dxe4 25. Rxe4 Qxb3 26. Re3 $16) 24. Bxa5
$16 {^^} Ne4 25. Rxe4 $5 (25. Qe3 $142 Bg6 26. Bb4 Rfc8 27. Rab1 Qa4 28. f3 $16
) (25. Bxe4 dxe4 26. Qe3 $14 (26. Rab1 Qd5 $14)) 25... dxe4 26. Bxe4 Rc4 $1 (
26... Rcc8 27. d5 (27. Bb4 $14) 27... b6 28. Bb4 Rfd8 29. d6 $14) 27. Rb1 Qa4
28. Bb4 $5 (28. Rxb7 Qxa3 29. Bb4 Qc1+ 30. Qxc1 Rxc1+ 31. Kh2 Rd8 $11) 28...
Rd8 29. Qg5 Rcxd4 30. Re1 (30. Bxh7+ Kxh7 31. Qxh5+ Kg8 $15) 30... Bf7 $2 $138
(30... Rd1 31. Kh2 Qe8 $11) (30... Qe8 $11) 31. Bc3 h6 $2 (31... Qxa3 32. Bxd4
Rxd4 33. Bxb7 (33. Qf4 Bg6 34. Qb8+ Qf8 35. Qxf8+ Kxf8 36. Bxg6 hxg6 37. Rxe6
$14) 33... Qd6 $14) 32. Qe5 $1 $18 b6 33. Re3 Kf8 34. Rf3 R8d7 35. Bg6 Rd1+ 36.
Kh2 Ke8 37. Qb8+ 1-0

[Event "Linares Anibal op 05th"]
[Site "Linares"]
[Date "1998.01.27"]
[Round "8"]
[White "Wang, Pin"]
[Black "Matamoros Franco, Carlos S"]
[Result "1-0"]
[WhiteElo "2360"]
[BlackElo "2470"]
[Annotator "Tiviakov,S"]
[PlyCount "59"]
[EventDate "1998.01.20"]
[EventType "swiss"]
[EventRounds "10"]
[EventCountry "ESP"]
[SourceTitle "CBM 062 Extra"]
[Source "ChessBase"]
[SourceDate "1998.03.09"]
[SourceVersion "1"]
[SourceVersionDate "1998.03.09"]
[SourceQuality "1"]

1. e4 e6 2. d4 d5 3. Nd2 Nf6 4. e5 Nfd7 5. Bd3 c5 6. c3 Nc6 7. Ne2 cxd4 8. cxd4
f6 9. exf6 Nxf6 10. O-O Bd6 11. Nf3 Qb6 12. Nc3 O-O 13. Be3 Bd7 14. a3 Be8 15.
Ne5 $5 {[The modern theory considers this variation to be not dangerous for
Black. Even the latest 3rd edition of the ECO doesn't mention it at all. But
White gets an enormous compensation for the pawn due to his pair of bishops
and the exposed position of the Black king.]} Bxe5 16. dxe5 Qxb2 17. exf6 Qxc3
18. fxg7 Qxg7 19. Qd2 {[Creating a direct threat to win the exchange after 20.
Bh6.} (19. f4 {is an alternative to the text.}) 19... Rf7 {[This move seems to
be very passive. I would prefer} (19... Ne5 20. Be2 (20. f4 $2 {is worse,
since it allows Black to consolidate his position, exchanging the white bishop
and bringing the bishop e8 to the square e4. After} Nxd3 21. Qxd3 Bg6 22. Qd2
Be4 23. Bd4 Qg6 $17 {Black is better in Wang Pin-Pert,N/2nd Caledonian Masters,
Edinburgh (Scotland) 1997}) 20... Nf3+ $5 (20... Bb5 $2 {simply loses the
exchange. White won the game after} 21. Bh6 Qg6 22. Bxf8 Rxf8 23. f4 Nc4 24.
Qd4 Nxa3 25. Rxa3 Bxe2 26. Rg3 {1-0 Oral,Tomas-Kolcak,Marek/Slovakia 1995}) (
20... Qg6 $6 {allows White to create a strong attack after} 21. f4 Nc4 22. Bxc4
dxc4 23. Rf3 Qe4 24. Re1 Qd5 25. Qf2 Bg6 26. Bd4 Rad8 27. Be5 {Black is not
able to do anything to save the position.} b6 28. Qh4 Rd7 29. Rg3 Rf5 30. Qh6
Qd2 31. Bc3 Qxf4 32. Rxg6+ hxg6 33. Qxg6+ Kf8 34. Bb4+ Rd6 35. h3 a5 36. Bxd6+
Qxd6 {1-0 Marholev,Dimitar-Dochev,Dimitar/Bulgaria 1995}) 21. Bxf3 Rxf3 {
with unclear position.}) 20. f4 $146 (20. Bh6 $5 Qd4 21. Rad1 Kh8 22. Rfe1 e5
23. Be3 Qh4 24. Bb5 d4 25. Bg5 Qg4 26. h3 Qf5 27. Bd3 Qe6 28. Re4 Rg7 29. Rh4
$44 {with compensation for the pawn took place in the game O'Shaughnessy,
Conor-Ryan,Joseph/Ireland 1994. The text is more straight-forward, preparing
the transfer the rook to g3 via f3.}) 20... d4 21. Bf2 $16 {[White attack is
very dangerous and his chances should have been preferred.]} Qf6 22. f5 e5 (
22... exf5 23. Bc4 $16 {loses the exchange. But after the text, White creates
the quick direct assault to the Black king, using the pawn f5.}) 23. Qe1 Kh8
24. Bh4 Qd6 25. Rf3 Bd7 26. Bg5 Rg8 27. Qh4 Ne7 28. Raf1 Nd5 29. f6 Nc3 30. Bh6
{[And because of the following 31.Bg7, Black resigned.]} 1-0

[Event "Monarch Assurance 10th"]
[Site "Port Erin"]
[Date "2001.10.05"]
[Round "7"]
[White "Tiviakov, Sergei"]
[Black "Gleizerov, Evgeny"]
[Result "1-0"]
[WhiteElo "2618"]
[BlackElo "2587"]
[Annotator "Tiviakov,S"]
[PlyCount "81"]
[EventDate "2001.09.29"]
[EventType "swiss"]
[EventRounds "9"]
[EventCountry "IOM"]
[SourceTitle "CBM 084 Extra"]
[Source "ChessBase"]
[SourceDate "2001.10.26"]
[SourceVersion "1"]
[SourceVersionDate "2001.10.26"]
[SourceQuality "1"]

1. e4 e6 2. d4 d5 3. Nd2 Nf6 4. e5 Nfd7 5. c3 c5 6. Bd3 Nc6 7. Ne2 cxd4 8. cxd4
f6 9. exf6 Nxf6 10. O-O Bd6 11. Nf3 Qc7 12. Bg5 O-O 13. Rc1 Ng4 14. Ng3 h6 $6 (
14... g6 15. Nd2 $14) 15. Bd2 Qe7 (15... Qb6 16. Bc3 {(/\Bb1, Qd3, |^/^b1-h7)}
Bf4 17. Rc2 (17. Ra1 e5 18. dxe5 Ncxe5 19. Bd4 Qd6 20. Nxe5 Nxe5 21. Bb1 Nc6
22. Bc3 d4 23. Bd2 Bxg3 24. hxg3 Be6 25. Qc2 d3 26. Qc3 Rad8 27. a4 Bf5 28. Ra3
Nd4 29. Qc4+ Rf7 30. Kh1 Qg6 31. f3 Ne2 {0-1 Gamble-Blechar/corr ch4-USA 1988 
(31)}) 17... Bd7 (17... e5 18. dxe5 Ncxe5 19. Bd4 Qa5 20. Nxe5 Nxe5 21. Rc5
Qxa2 22. Bb1 Qa6 23. Bxe5 {1-0 Ledger,A-Johannessen,L/Bergen NOR 2000/The Week
in Chess 299 (23)}) 18. a3 Rae8 19. Re2 e5 20. Bg6 Re7 21. dxe5 d4 22. e6 dxc3
23. exd7 Nce5 24. Bf5 Nf6 25. Nxe5 Rxe5 26. Rxe5 Bxe5 27. Qe2 Bxg3 28. hxg3
cxb2 29. Rb1 Qc7 30. Rxb2 Nxd7 31. Rc2 {1-0 Shperling,E-Serafimov/Dimitrovgrad
1988 (31)}) (15... e5 16. dxe5 Ngxe5 17. Nxe5 Bxe5 18. Bb1 (18. b4 Qd6 19. b5
Ne7 20. Qh5 Bf4 21. Bxf4 Qxf4 22. Rce1 Nf5 23. Qg6 Bd7 24. Bxf5 Bxf5 25. Qxg7+
Kxg7 26. Nh5+ Kg8 27. Nxf4 Bd7 28. Re7 Bxb5 29. Rb1 Bc6 30. g3 Rf7 31. Re6 Kg7
32. Rbe1 Rd8 33. Rg6+ Kh8 34. Rxh6+ Rh7 35. Rxh7+ Kxh7 36. Re7+ Kh6 37. h4 Rf8
38. Kf1 d4 39. Re6+ Kg7 40. Rxc6 bxc6 41. Ne6+ Kf7 42. Nxf8 Kxf8 43. Ke2 Ke7
44. h5 Kf6 45. g4 c5 46. Kd3 a6 47. h6 Kg6 48. g5 a5 49. f4 a4 50. f5+ Kh7 51.
f6 Kg6 52. Ke4 a3 53. Kd3 {1-0 Escobar,T-Goldschmidt,B (53)}) 18... Qf7 19. Qc2
g5 20. f4 Bd4+ 21. Kh1 g4 22. f5 h5 23. f6 Be5 24. Bh6 Nb4 25. Qd2 {1-0
Korneev,O-Supriyanto,T/Jakarta 1997/EXT 2000 (25)}) 16. Bb1 (16. Qc2 $14 {
Kupreichik, 38/391}) (16. h3 Nxf2 17. Kxf2 Qh4 18. Kg1 Qxg3 19. Be1 Qf4 20. Bd2
Qg3 21. Be1 Qf4 22. Bd2 Qg3 {1/2-1/2 Varga,S-Peters,C/Budapest 1991/EXT 97 (22)
}) 16... Bd7 (16... Nxd4 17. Nxd4 Qh4 18. h3 Nxf2 19. Rxf2 Rxf2 (19... Qxd4 20.
Be1 Qxd1 21. Rxd1 Bxg3 22. Rxf8+ $18 {38/391}) 20. Nh1 $3 $16 (20. Nge2 e5 21.
Be1 Rxg2+ 22. Kxg2 Qxh3+ 23. Kg1 exd4 24. Qxd4 Qh2+ 25. Kf1 Bh3# {0-1 Calangi,
Z-Omolo,K/Istanbul 2000/The Week in Chess 314 (25)}) 20... Rf6 (20... Rxd2 21.
Qxd2 Bf4 22. Qe1 Qf6 23. Rd1 $16 {38/391}) (20... Rf7 $5 {Gleizerov}) 21. Nf3
Qh5 22. Qc2 Rxf3 (22... Qf5 23. Qxc8+ Rxc8 24. Rxc8+ Rf8 25. Bxf5 Rxc8 26.
Bxe6+ $18 {38/391}) (22... Bd7 23. Qh7+ Kf7 24. Ng5+ $16 {38/391}) 23. Qh7+ Kf7
24. gxf3 Qxh3 25. Qg6+ Kf8 26. f4 $1 Qh4 27. Bc3 (27. Rc7 Qf6 28. Qxf6+ gxf6
29. Rh7 $16 {38/391}) 27... Qe7 28. Ng3 Bc5+ 29. Kg2 d4 30. Bd2 Bd7 31. Qh7 Rc8
32. Bg6 Qh4 (32... Qf6 33. Nh5 $18 {38/391}) 33. Qh8+ Ke7 34. Qxg7+ {1-0
Kupreichik,V-Chernin,A/Sverdlovsk 38/391 1984}) 17. Bc3 $1 $16 {N} (17. Qc2 $14
g5 (17... Nf6 18. Nh4 {43/343}) 18. Qd3 $1 (18. Rfe1 Qf7 19. h3 Bxg3 20. fxg3
Nf6 $13 {43/343}) (18. h3 Nf6 (18... Nxf2 19. Qg6+ $16 {43/343}) 19. h4 g4 20.
Ne5 Nxd4 21. Qg6+ Qg7 $13 {43/343}) (18. Rce1 $5 {43/343}) 18... Qg7 $3 (18...
Qf7 19. h3 Nf6 (19... e5 20. hxg4 e4 21. Nxe4 dxe4 22. Qxe4 $16 {43/343}) 20.
h4 $1 g4 21. Ne5 Bxe5 22. dxe5 Nxe5 23. Qe2 $16 {43/343}) 19. Rce1 $1 (19. Nh5
Qf7 20. h3 (20. Rfe1 Qf5 $1 21. Qe2 (21. Qb3 Qf7) 21... Nxd4 22. Nxd4 Qxf2+ 23.
Qxf2 Rxf2 $13 {Chernin}) 20... e5 $1 21. dxe5 (21. hxg4 e4 22. Nxg5 hxg5 23.
Qh3 Nxd4 24. Bxg5 Qg6 $13) 21... Ncxe5 22. Nxe5 Nxe5 $13 23. Nf6+ Kh8 {Chernin}
) 19... Bxg3 $8 (19... Nf6 20. Ne5 $16 {43/343}) (19... Rae8 20. Nh5 Qf7 21. h3
e5 22. dxe5 Ncxe5 23. Nxe5 Nxe5 24. Nf6+ Kh8 25. Rxe5 $1 $16 {Dzenis-Balobaev,
corr. USSR 1989}) 20. fxg3 (20. hxg3 Rf7 $13 {43/343}) 20... Rf7 21. h3 Nf6 22.
Qe3 $14 Raf8 23. g4 a6 24. Ne5 (24. b3 $5 {/\Bc1-a3, 43/343}) 24... Nxe5 25.
Qxe5 Ne4 $1 (25... Ne8 26. Bb4 $1 Rxf1+ 27. Rxf1 Rxf1+ 28. Kxf1 Qxe5 29. dxe5
$16 {43/343}) 26. Qxg7+ Kxg7 27. Rxf7+ Kxf7 28. Bxe4 dxe4 29. Rxe4 Rc8 $1 (
29... Bc6 30. Re2 Rd8 31. Bc3 Bd5 32. a3 Kg7 (32... Rc8 $142 {43/343}) 33. Bb4
Rd7 34. Rf2 Rf7 (34... Bb3 $142 {43/343}) 35. Rc2 Bc6 36. Bd6 $14 Kg6 37. Be5
Rf8 38. b3 Rf7 39. a4 Rf8 40. Rc3 Rf7 41. a5 Rf8 42. b4 Rf7 43. Rc2 Rf8 44. Rb2
Rf7 45. Rc2 Kh7 46. Rc5 Kg8 47. Rc3 Kh7 48. Rc2 Kg6 49. Rc5 Rf8 50. b5 (50. g3
Rf7 51. b5 $1 Bxb5 52. Rc8 (52. h4 gxh4 53. gxh4 Be2 $1 54. h5+ Kg5 $1 $10 {
Chernin}) 52... Bf1 $1 53. h4 gxh4 54. gxh4 Be2 $8 55. Rg8+ Kh7 56. Rh8+ Kg6
57. g5 Rh7 (57... hxg5 58. Rg8+ Kh7 59. Rxg5 $14 {43/343}) 58. Rg8+ Kf7 59. Rb8
hxg5 60. Kf2 Bb5 61. hxg5 $14 Kg6 62. Rg8+ Kf7 63. Rc8 Kg6 64. Bf4 Bc6 65. Rb8
{43/343} (65. Kg3 e5 $1 $11 66. dxe5 Rh3+ $1 67. Kxh3 Bd7+ 68. Kh4 Bxc8 69. Bd2
Be6 70. Bc3 Bd7 71. Bb2 Be6 72. Bd4 Bd7 73. Bb6 Kf5 $1 74. Kh5 Kxe5 75. g6 Bf5
$8 76. Kh6 {1/2-1/2 Cseshkovsky,V-Chernin,A/USSR (ch) 43/343 (Chernin,A) 1987})
) 50... Bxb5 51. Rc7 Rf7 52. Rc8 Bc6 (52... Rf1+ 53. Kh2 Bc6 54. Rg8+ Kf7 55.
Rg7+ Kf8 56. Rh7 $1 Rf2 57. h4 $16 {43/343}) 53. Rb8 Bb5 54. Rg8+ Kh7 55. Rd8
Bc6 56. Rd6 Bd5 57. g3 Kg6 58. h4 h5 $1 59. Rd8 $1 gxh4 60. Rg8+ Kh7 61. Rh8+
Kg6 62. gxh5+ Kf5 $14 {43/343}) 30. Bc3 Bc6 31. Re2 Bd5 32. a3 Kg6 $11 {43/343}
(32... b6 $5 $11 {/\a5, 43/343})) 17... Be8 (17... Bf4 18. Qd3 $16 Bxc1 $140 $4
19. Qh7+ Kf7 20. Bg6+ Kf6 21. Nh5#) (17... Bxg3 18. fxg3 $16 (18. hxg3 $16)
18... Ne3 $140 $2 19. Qd3 Nxf1 20. Qh7+ Kf7 21. Bg6+ Kf6 22. Rxf1 $18) (17...
g5 $5) 18. Qd3 g5 $6 {[>< >>]} (18... g6 $142 19. Rce1 $16) (18... Nf6 19. Rce1
$16 (19. Ne5 $5)) 19. Rce1 {[/\Re6+-]} Bxg3 (19... Nd8 20. h3 Bxg3 21. fxg3 Nf6
22. Ne5 $16 (22. h4 $16) (22. Qe3 $16 {/\Ne5})) 20. fxg3 $1 (20. hxg3 Rf6 $14 {
/\Bg6}) 20... Nf6 $8 21. Qe3 (21. h4 $5 Ne4 $140 22. Rxe4 dxe4 23. Qxe4 $16 {
~/= ->}) 21... Bd7 22. h4 $5 Ng4 (22... Nh5 23. hxg5 (23. g4 $5) 23... Nxg3 24.
Rf2 $16) 23. Qd3 Rf7 $6 (23... gxh4 $142 24. Nxh4 Qg7 25. Ng6 (25. Rf3 $5)
25... Rxf1+ 26. Rxf1 $16) 24. hxg5 hxg5 25. Bd2 $1 Rg7 (25... e5 $5 26. Nxg5 $5
(26. Bxg5 e4 27. Bxe7 exd3 $16 {/\Bf5}) (26. dxe5 $16) 26... Rxf1+ (26... Rg7
27. Qb3 $18 {><d5, ה}) 27. Rxf1 e4 (27... Nxd4 28. Qg6+ Qg7 29. Qxg7+ Kxg7 30.
Rf7+ $18) 28. Qb3 Be6 29. Bxe4 Nxd4 30. Qd3 dxe4 31. Qxd4 $18) 26. Bxg5 Qe8 $6
(26... Qb4 $142 27. Qd2 $16 (27. b3) (27. Qc3)) 27. Bh4 Qh5 28. Qd1 $1 $18 {
[/\Nh2]} Rf8 (28... Qh6 29. Nh2 Nxh2 30. Rf6 $1 Qh8 31. Kxh2 $18) (28... Nh6 $5
) 29. Nh2 Rxf1+ 30. Rxf1 e5 31. Qf3 $1 (31. Qb3 exd4 32. Qxb7 (32. Qf3 Rf7) (
32. Nxg4 Bxg4) 32... Ne3 33. Qa8+ Qe8 34. Qxe8+ Bxe8 35. Re1 $16) 31... e4 $8 (
31... Qe8 32. dxe5 Ngxe5 33. Qxd5+ $18) (31... Rf7 32. Qxd5 Nxd4 33. Nxg4 $18)
(31... Qf7 32. Nxg4 Bxg4 33. Bh7+ $1 $18) 32. Qf8+ Kh7 33. Nxg4 Bxg4 (33...
Qxg4 34. Bf6 $18) 34. Bf6 Rg8 35. Qd6 Qf7 (35... Rc8 36. Bc2 $5 $18 {/\Bb3})
36. Be5 Bf5 (36... Qe6 37. Qc7+ Kg6 38. Rf6+ Qxf6 39. Bxf6 Kxf6 40. Qxb7 $18)
37. Rf4 Rg4 (37... Qe6 38. Qc7+ (38. Rh4+ $6 Kg6 39. g4 $6 Qxd6 40. gxf5+ $4
Kg5 $1 41. Bxd6 Kxh4 42. f6 Nd8 $8 $17) 38... Kg6 39. g4 Bxg4 40. Rf6+ Qxf6 41.
Bxf6 Kxf6 42. Qxb7 $18) 38. Bc2 $5 Rxf4 (38... Nxe5 39. Qxe5 (39. dxe5 $18)
39... Rxf4 40. gxf4 $18) 39. gxf4 Ne7 (39... e3 40. Qc7 $1 Qxc7 41. Bxf5+ Kg8
42. Bxc7 $18) (39... Qe6 $5) 40. Bd1 e3 $6 41. Qa3 1-0